| 000 | 00605nam a22001697a 4500 | ||
|---|---|---|---|
| 003 | BD-DhUL | ||
| 005 | 20171115141448.0 | ||
| 008 | 171115s1357 ii ||||| |||| 00| 0 per d | ||
| 040 |
_aBD-DhUL _cBD-DhUL |
||
| 082 |
_a891.551 _bQAD |
||
| 100 | 1 | _aقمر الدین خان، میر | |
| 245 | 0 |
_aدیوان دوم نواب مغفرت ماب نظام الملک اصفجاہ : _cمیر قمر الدین خان _bجلد ۲ / |
|
| 260 |
_aحیدراباد دکن : _bمطبوعۃ دار الطبع سر، _c۔۱۳۵۷ |
||
| 300 |
_aجلد ۲ ؛ _c۲۱ سم۔ |
||
| 650 | 0 | _aPersian poetry | |
| 942 |
_2ddc _cBK |
||
| 999 |
_c232095 _d232095 |
||